000 01393nam a2200397 i 4500
001 197459
003 ES-MaACL
005 20250805062634.0
007 ta
008 910613s1988 sp spa
016 7 _abimoBNE19910975663
_2SpMaBN
017 _aM 20815-1989
_bOficina Depósito Legal Madrid
020 _a8486280397
035 _a(OCoLC)434560328
035 _a(SpMaBN)bimo0000093914
040 _aSpMaBN
_bspa
_cSpMaBN
_erdc
080 _a929 Gracia, Caballero de
100 1 _aRoscales Olea, Graciliano
_eaut
_9240816
245 1 3 _aEl Caballero de Gracia :
_bmás de cien años de aventura /
_cGraciliano Roscales Olea.
250 _a[1ª ed.]
260 _aMadrid :
_bEl Avapiés,
_c1989.
300 _a293 p. :
_bil. ;
_c22 cm.
336 _2rdacontent
_atexto
337 _2rdamedia
_asin mediación
338 _2rdacarrier
_avolumen
490 1 _aMatrice ;
_v5
504 _aBibliografía: p. 287-293
600 1 7 _aGracia,
_cCaballero de
_2embne
_9240817
830 0 _aMatrice ;
_v5
_9226837
852 _aES-MaACL
_cDEPO1
_hDonación: Fernando Codina Rodríguez
_xEncuadernación rústica con solapas
_9205899
_jA-15552
903 _aCodina Rodríguez, Fernando
_ednr
_9238631
942 _n0
_cMONOGRAFIA
999 _c197459
_d197459